El teatro en la España del siglo XIX
Saved in:
| Main Author: | |
|---|---|
| Format: | Book |
| Language: | Spanish |
| Published: |
Cambridge
Cambridge University
1996
|
| Subjects: | |
| Tags: |
Add Tag
No Tags, Be the first to tag this record!
|
MARC
| LEADER | 00000nam a2200000 a 4500 | ||
|---|---|---|---|
| 001 | UCP9587 | ||
| 003 | CL-VaPUC | ||
| 008 | 000331e19960000uk |||||||||||||||||spa|d | ||
| 082 | 0 | 4 | |a 862.09 |b GIE |2 21 |
| 100 | 0 | |a Gies, David Thatcher |e author |9 440224 | |
| 245 | 1 | 3 | |a El teatro en la España del siglo XIX |
| 300 | |a 546 p | ||
| 942 | |c BK | ||
| 945 | |d 20000331 00:00:00 |a rbrito | ||
| 260 | |a Cambridge |b Cambridge University |c 1996 | ||
| 650 | 7 | |a TEATRO ESPAÑOL SIGLO 19 |2 CL-VaPUC |9 440225 | |
| 650 | 0 | |a Historia y crítica |9 257407 | |
| 650 | 0 | |a Romanticismo en la literatura |9 313777 | |
| 583 | |a last modification |c 20160829 12:31:08 |k Rodrigo Vera | ||
| 999 | |c 286384 |d 286382 | ||
| 952 | |0 0 |1 0 |4 0 |6 862_090000000000000_GIE_1996 |7 0 |8 A |9 332179 |a BIBEDU |b BIBEDU |d 2019-11-20 |i 3605558 |o 862.09 GIE 1996 |p 3605558 |r 2019-11-20 |w 2019-11-20 |y BK |k LIT | ||